000 00591cam a22002053a 4500
001 39202
003 PGUSA
005 20140828083854.0
008 120319s2012||||xxu|||||s|||||000 | eng d
040 _aPGUSA
_beng
042 _adc
100 1 _aChambers, F. W.
245 1 0 _aEver Heard This? :
_bOver Three Hundred Good Stories
_h[electronic resource] /
_cF. W. Chambers
260 _bProject Gutenberg,
_c2012
506 _aPublic domain in the USA.
516 _aElectronic text
830 0 _aProject Gutenberg
_v39202
856 4 0 _uhttp://www.gutenberg.org/ebooks/39202
942 _cEB
999 _c268455
_d268455